000 00593nam a2200181Ia 4500
008 100917s9999 xx 000 0 und d
082 _b62541
100 _aकुलकर्णी गं. वि.
245 _aजे. कृष्णमुर्ति
260 _bना. वि. काकतकर संत कृपा प्रकाशन
_c1983
300 _a62
365 _b8
520 _aचरित्र
630 _aजे. कृष्णमुर्ति
650 _aचरित्र
730 _aजे. कृष्णमुर्ति
942 _cBOOK
999 _c667935
_d667932